[Event "Portsmouth Open"]
[Site "?"]
[Date "1995.??.??"]
[Round "2"]
[White "Abayasekera, Roger"]
[Black "Brameld, Arthur F"]
[Result "1-0"]
[WhiteElo "2255"]
[BlackElo "2160"]
[PlyCount "89"]
[EventDate "1995.??.??"]
[EventType "simul"]
[EventRounds "6"]

1. e4 Nf6 2. e5 Nd5 3. d4 d6 4. c4 Nb6 5. exd6 cxd6 6. Nc3 g6 7. a4 Bf5 8. a5 N6d7 9. g4 Bxg4 10. Qxg4 Nf6 11. Qd1 Bg7 12. Bg2 Qc8 13. Qa4+ Nfd7 14. Qb5 a6 15. Qxb7 Qxb7 16. Bxb7 Ra7 17. Bg2 Bxd4 18. Nge2 Bc5 19. O-O O-O 20. Ra4 e5 21. b4 Bd4 22. b5 Nc5 23. Ra2 Nb3 24. Bh6 Rc8 25. b6 Re7 26. Nd5 Re6 27. Nc7 Rf6 28. Ng3 d5 29. cxd5 Nxa5 30. Ne4 Rxb6 31. Na8 Rb2 32. Rxb2 Bxb2 33. Nb6 Rc2 34. Nf6+ Kh8 35. Be4 Rc3 36. Kg2 Ba3 37. Bd2 Rc5 38. Ra1 Nb3 39. Rxa3 Nxd2 40. d6 Nxe4 41. Nxe4 Rc1 42. Nf6 Kg7 43. Nbd5 Rd1 44. Rxa6 Nd7 45. Ne3 1-0

[Event "Portsmouth Open"]
[Site "?"]
[Date "1995.??.??"]
[Round "3"]
[White "Brameld, Arthur F"]
[Black "Bean, T."]
[Result "1-0"]
[WhiteElo "2160"]
[BlackElo "1980"]
[PlyCount "27"]
[EventDate "1995.??.??"]
[EventType "simul"]
[EventRounds "6"]

1. e4 e5 2. f4 exf4 3. Nf3 d5 4. exd5 g5 5. Qe2+ Be7 6. Nxg5 Qxd5 7. Ne4 Bf5 8. Nbc3 Qe6 9. d4 f3 10. Qxf3 Bb4 11. Bd3 Bg4 12. Qe3 Ne7 13. O-O f5 14. Ng5 1-0

[Event "Portsmouth Open"]
[Site "?"]
[Date "1995.??.??"]
[Round "4"]
[White "Cole, Roland"]
[Black "Brameld, Arthur F"]
[Result "1-0"]
[WhiteElo "2205"]
[BlackElo "2160"]
[PlyCount "121"]
[EventDate "1995.??.??"]
[EventType "simul"]
[EventRounds "6"]

1. d4 Nf6 2. c4 e6 3. Nc3 Bb4 4. g3 c5 5. Nf3 cxd4 6. Nxd4 O-O 7. Bg2 a6 8. Qb3 Bc5 9. Nf3 Nc6 10. O-O d6 11. Bg5 h6 12. Bxf6 Qxf6 13. Ne4 Qf5 14. Nxc5 Qxc5 15. Rac1 Rb8 16. Rfd1 Rd8 17. Qc3 Bd7 18. Nd4 Nxd4 19. Qxd4 Qxd4 20. Rxd4 Bc6 21. e4 Kf8 22. f3 Ke7 23. Bf1 b5 24. cxb5 Bxb5 25. Rc7+ Rd7 26. Rxd7+ Kxd7 27. Rb4 Kc7 28. a4 Bxf1 29. Rxb8 Kxb8 30. Kxf1 Kc7 31. Ke2 Kc6 32. b4 Kb6 33. Kd3 Kc6 34. Kc4 Kb6 35. f4 Kc6 36. g4 g5 37. f5 Kb6 38. Kd3 Kc7 39. Kd4 Kb6 40. Kc4 Kc6 41. a5 exf5 42. exf5 d5+ 43. Kd4 f6 44. Kd3 Kb5 45. Kc3 Kc6 46. Kd4 Kd6 47. Kd3 Kc6 48. Kc3 Kd6 49. Kc2 Kc6 50. Kd2 Kb5 51. Kd3 Kxb4 $4 52. Kd4 Kxa5 53. Kxd5 Kb5 54. Ke6 a5 55. Kxf6 a4 56. Kg6 a3 57. f6 a2 58. f7 a1=Q 59. f8=Q Qg1 60. Qxh6 Qb6+ 61. Kh5 1-0

[Event "Portsmouth Open"]
[Site "?"]
[Date "1995.??.??"]
[Round "5"]
[White "Brameld, Arthur F"]
[Black "Rice, C."]
[Result "1/2-1/2"]
[WhiteElo "2160"]
[BlackElo "1975"]
[PlyCount "79"]
[EventDate "1995.??.??"]
[EventType "simul"]
[EventRounds "6"]

1. e4 e6 2. d4 d5 3. Nc3 Nf6 4. e5 Nfd7 5. f4 c5 6. Nf3 Nc6 7. Be3 cxd4 8. Nxd4 Bc5 9. Na4 Be7 10. Nb3 Ncxe5 11. fxe5 Nxe5 12. Bb5+ Bd7 13. Bxd7+ Qxd7 14. Nac5 Qc7 15. Nd3 Nc4 16. Bf4 e5 17. Nxe5 Nxe5 18. Qxd5 Nd3+ 19. Qxd3 Qxf4 20. Qb5+ Kf8 21. Rf1 Qe3+ 22. Qe2 Qxe2+ 23. Kxe2 Bf6 24. c3 Ke7 25. Rad1 Rhd8 26. Rxd8 Rxd8 27. Rf4 Kd6 28. Nd4 Re8+ 29. Kf3 Bxd4 30. Rxd4+ Kc6 31. Rc4+ Kd6 32. Rd4+ Kc7 33. Rc4+ Kb8 34. Rh4 h6 35. Rf4 Re7 36. Rd4 Kc7 37. Rc4+ Kd6 38. Rd4+ Kc6 39. Rc4+ Kd6 40. Rd4+ 1/2-1/2

[Event "Portsmouth Open"]
[Site "?"]
[Date "1995.??.??"]
[Round "6"]
[White "Heasman, R."]
[Black "Brameld, Arthur F"]
[Result "0-1"]
[WhiteElo "2030"]
[BlackElo "2160"]
[PlyCount "42"]
[EventDate "1995.??.??"]
[EventType "simul"]
[EventRounds "6"]

1. c4 e5 2. Nc3 Nc6 3. Nf3 g6 4. d4 exd4 5. Nxd4 Bg7 6. Nxc6 bxc6 7. g3 Ne7 8. Bg2 Rb8 9. Qd3 O-O 10. O-O Ba6 11. b3 d5 12. Ba3 Re8 13. Rad1 Nf5 14. e4 dxc4 15. Qxd8 Rexd8 16. exf5 Bxc3 17. fxg6 cxb3 18. gxh7+ Kxh7 19. Be4+ Kg7 20. Rc1 Bxf1 21. Rxc3 Rd1 0-1

[Event "Ports Lge"]
[Site "?"]
[Date "1995.??.??"]
[Round "?"]
[White "Brameld, Arthur F"]
[Black "Cary, Ian"]
[Result "1-0"]
[WhiteElo "2160"]
[BlackElo "1880"]
[PlyCount "85"]
[EventDate "1995.??.??"]
[EventType "simul"]
[EventRounds "9"]

1. e4 e6 2. d4 d5 3. Nc3 Bb4 4. Qd3 dxe4 5. Qxe4 Nf6 6. Qh4 Nd5 7. Qxd8+ Kxd8 8. Nge2 b6 9. a3 Bxc3+ 10. Nxc3 Nxc3 11. bxc3 Bb7 12. Bd3 Nd7 13. O-O c5 14. Bf4 Rc8 15. a4 c4 16. Be2 Be4 17. a5 Bxc2 18. axb6 axb6 19. Bf3 Nf6 20. Bb7 Rc7 21. Bxc7+ Kxc7 22. Ra7 Kd6 23. Bf3 Nd7 24. Rc1 Bb3 25. Rca1 Rc8 26. Rb7 Rc7 27. Rxc7 Kxc7 28. Ra8 g6 29. Rh8 Nf6 30. Rf8 Nd5 31. Bxd5 exd5 32. Rxf7+ Kc6 33. Rxh7 b5 34. Rg7 Bc2 35. Kf1 b4 36. cxb4 Kb5 37. Rb7+ Ka4 38. Ke2 Kb3 39. b5 Bd3+ 40. Ke3 Bf1 41. Rc7 c3 42. b6 c2 43. Rxc2 1-0

[Event "Ports Lge"]
[Site "?"]
[Date "1995.??.??"]
[Round "?"]
[White "Miller, P."]
[Black "Brameld, Arthur F"]
[Result "0-1"]
[WhiteElo "1975"]
[BlackElo "2160"]
[PlyCount "50"]
[EventDate "1995.??.??"]
[EventType "simul"]
[EventRounds "9"]

1. c4 e6 2. d4 Nf6 3. Nc3 c5 4. d5 exd5 5. cxd5 d6 6. e4 g6 7. f4 Bg7 8. Nf3 O-O 9. Be2 Re8 10. e5 dxe5 11. fxe5 Ng4 12. Bf4 Nxe5 13. O-O Nxf3+ 14. Bxf3 Qf6 15. Qd2 Bd7 16. Rad1 Qd4+ 17. Kh1 Qxd2 18. Bxd2 Na6 19. Rfe1 Nb4 20. d6 Nd3 21. Rxe8+ Rxe8 22. Rf1 Bd4 23. Nd5 Kh8 24. Bc3 Nf2+ 25. Rxf2 Bxc3 {0 : 1, Time.} 0-1

[Event "Ports Lge"]
[Site "?"]
[Date "1995.??.??"]
[Round "?"]
[White "Brameld, Arthur F"]
[Black "Newbury, Martin"]
[Result "1-0"]
[WhiteElo "2160"]
[BlackElo "2060"]
[PlyCount "59"]
[EventDate "1995.??.??"]
[EventType "simul"]
[EventRounds "9"]

1. e4 c5 2. Nf3 d6 3. d4 cxd4 4. Qxd4 Bd7 5. c4 Nc6 6. Qd2 g6 7. b3 Bg7 8. Bb2 Bxb2 9. Qxb2 Nf6 10. Nc3 O-O 11. Be2 Bg4 12. Rd1 Qa5 13. O-O Qh5 14. h3 Bxf3 15. Bxf3 Qh4 16. Nd5 Nxd5 17. Rxd5 Ne5 18. Qe2 Qf4 19. Re1 h5 20. Qe3 Qf6 21. Bd1 a5 22. f4 Nd7 23. e5 Qe6 24. exd6 exd6 25. Qxe6 fxe6 26. Rxe6 Rxf4 27. Rxg6+ Kh7 28. Bc2 Ne5 29. Rgxd6+ Kg7 30. Rxe5 1-0

[Event "Robertson Cup Final"]
[Site "?"]
[Date "1995.??.??"]
[Round "?"]
[White "Brameld, Arthur F"]
[Black "Blake, Chris"]
[Result "1-0"]
[WhiteElo "2160"]
[BlackElo "1975"]
[PlyCount "90"]
[EventDate "1995.??.??"]
[EventType "game"]

1. e4 e6 2. d4 d5 3. Nc3 Nf6 4. e5 Nfd7 5. f4 c5 6. Nf3 Nc6 7. Be3 Qb6 8. Na4 Qa5+ 9. c3 cxd4 10. b4 Qc7 11. Nxd4 a6 12. Nb3 b5 13. Nac5 Nb6 14. a4 bxa4 15. Nxa4 Nc4 16. Bxc4 dxc4 17. Bb6 Qd7 18. Nbc5 Qxd1+ 19. Rxd1 Be7 20. O-O O-O 21. Ne4 Na7 22. Bc5 Bxc5+ 23. Naxc5 Nb5 24. Rf2 f5 25. exf6 gxf6 26. Rf3 Ra7 27. Rg3+ Rg7 28. Rxg7+ Kxg7 29. Nd6 Nxc3 30. Rd2 Nb1 31. Rb2 Nc3 32. Rc2 Nb5 33. Nxc4 Rd8 34. Nb6 Kf7 35. Nxc8 Rxc8 36. Ra2 Rc6 37. Rxa6 Rxa6 38. Nxa6 e5 39. fxe5 fxe5 40. Nc5 Kf6 41. Kf2 Kf5 42. Ke3 Nc3 43. Kd3 Nd5 44. b5 Nb6 45. Ne4 Nd5 {Sealed Move - but Black resigns.} 1-0

[Event "WECU Jamboree"]
[Site "?"]
[Date "1995.??.??"]
[Round "?"]
[White "George, I."]
[Black "Brameld, Arthur F"]
[Result "0-1"]
[WhiteElo "2070"]
[BlackElo "2205"]
[PlyCount "94"]
[EventDate "1995.??.??"]
[EventType "game"]

1. e4 Nf6 2. e5 Nd5 3. Nc3 Nxc3 4. bxc3 d5 5. d4 c5 6. Bb5+ Bd7 7. Bxd7+ Qxd7 8. Nf3 Qb5 9. Qe2 Qxe2+ 10. Kxe2 e6 11. Rb1 b6 12. Ba3 Nd7 13. Ng5 Rc8 14. Rhc1 Be7 15. f4 Bxg5 16. fxg5 h6 17. gxh6 Rxh6 18. h3 Rh4 19. Kd3 cxd4 20. cxd4 Rc4 21. c3 Ra4 22. Rb3 g5 23. Rf1 g4 24. hxg4 Rxg4 25. Rf2 Rg3+ 26. Kc2 b5 27. Kd1 a6 28. Rc2 Nb6 29. Bc1 Nc4 30. Bf4 Rg4 31. Rf2 Rh4 32. a3 Rh1+ 33. Ke2 Ra1 34. Kd3 Na5 35. Rbb2 R4xa3 36. g3 Nc4 37. Rbc2 Rh1 38. Rh2 Rxh2 39. Rxh2 b4 40. Rh8+ Kd7 41. Kc2 Rxc3+ 42. Kb1 a5 43. Rf8 a4 44. Rxf7+ Ke8 45. Ra7 a3 46. Bh6 b3 47. Ra8+ Kd7 0-1

[Event "Ports Lge"]
[Site "?"]
[Date "1995.??.??"]
[Round "?"]
[White "Brameld, Arthur F"]
[Black "Fysh Foskett, Adam"]
[Result "1-0"]
[WhiteElo "2205"]
[BlackElo "1870"]
[PlyCount "43"]
[EventDate "1995.??.??"]
[EventType "simul"]
[EventRounds "9"]

1. e4 e5 2. f4 exf4 3. Nf3 d6 4. d4 g5 5. h4 g4 6. Ng1 Nf6 7. Nc3 Nh5 8. Nge2 Be7 9. Qd3 Bxh4+ 10. Kd1 Ng3 11. Nxg3 fxg3 12. Qb5+ c6 13. Qh5 Bf6 14. Bc4 Rf8 15. Bh6 Qe7 16. Bxf8 Qxf8 17. Rf1 Qe7 18. e5 dxe5 19. dxe5 Bxe5 20. Rxf7 Qd6+ 21. Ke2 Kd8 22. Rd1 1-0

[Event "Ports Lge"]
[Site "?"]
[Date "1995.??.??"]
[Round "?"]
[White "Bennett, D."]
[Black "Brameld, Arthur F"]
[Result "0-1"]
[WhiteElo "1790"]
[BlackElo "2190"]
[PlyCount "94"]
[EventDate "1995.??.??"]
[EventType "simul"]
[EventRounds "9"]

1. e4 Nf6 2. Nc3 d5 3. exd5 Nxd5 4. Nxd5 Qxd5 5. Qf3 Be6 6. c4 Qe5+ 7. Qe3 Nc6 8. Nf3 Qxe3+ 9. fxe3 f6 10. d4 Nb4 11. Kd2 Bf5 12. Ne1 e5 13. Kc3 exd4+ 14. exd4 c5 15. d5 Bd6 16. a3 a5 17. Kd2 Na6 18. Bd3 Bg6 19. Kc2 Kf7 20. Bd2 Rhe8 21. Bxg6+ hxg6 22. Kd3 a4 23. Nf3 Nc7 24. Rhe1 Reb8 25. Bc3 b5 26. g3 Rb7 27. Nd2 Rh8 28. Re2 Rh5 29. Ne4 bxc4+ 30. Kxc4 Rxd5 31. Nxd6+ Rxd6 32. Kxc5 Rbb6 33. Rae1 Rdc6+ 34. Kd4 Nb5+ 35. Kd3 Nxc3 36. bxc3 Rb3 37. Re7+ Kg8 38. Re8+ Kh7 39. Rc1 Rxa3 40. Re4 Ra6 41. Kd4 Ra2 {Sealed move.} 42. Kc5 Rxh2 43. Kb5 Ra8 44. Rxa4 Rh5+ 45. Kb4 Rb8+ 46. Kc4 Rg5 47. Rg1 Rg4+ 0-1

[Event "Soton Lge"]
[Site "?"]
[Date "1995.??.??"]
[Round "?"]
[White "Wilkinson, John R"]
[Black "Brameld, Arthur F"]
[Result "0-1"]
[WhiteElo "1990"]
[BlackElo "2190"]
[PlyCount "64"]
[EventDate "1995.??.??"]
[EventType "simul"]
[EventRounds "2"]

1. d4 Nf6 2. c4 e6 3. g3 c5 4. d5 exd5 5. cxd5 d6 6. Bg2 g6 7. Nc3 Bg7 8. Nf3 O-O 9. O-O b6 10. Re1 Na6 11. h3 Re8 12. e4 Nd7 13. Bf4 Ne5 14. Nxe5 dxe5 15. Be3 Rb8 16. a4 Nb4 17. Bf1 f5 18. f3 Rf8 19. Qd2 f4 20. gxf4 exf4 21. Bxf4 Bd4+ 22. Kh1 Qh4 23. Bxb8 Rxf3 24. Bg2 Bxh3 25. Bxf3 Bg4+ 26. Bh2 Bxf3+ 27. Qg2 Be5 28. Kg1 Bd4+ 29. Kf1 Bxg2+ 30. Kxg2 Qf2+ 31. Kh3 Qf3+ 32. Bg3 Nd3 0-1

[Event "NATO, Gausdal"]
[Site "Gausdal"]
[Date "1995.??.??"]
[Round "1"]
[White "Brameld, Arthur F"]
[Black "Nielsen, F."]
[Result "1-0"]
[WhiteElo "2205"]
[BlackElo "2025"]
[PlyCount "41"]
[EventDate "1995.??.??"]
[EventType "swiss"]
[EventRounds "7"]
[EventCountry "NOR"]

1. e4 e6 2. d4 d5 3. Nc3 Nf6 4. e5 Nfd7 5. f4 c5 6. Nf3 Nc6 7. Be3 cxd4 8. Nxd4 Bc5 9. Qd2 Bxd4 10. Bxd4 Nxd4 11. Qxd4 a6 12. O-O-O O-O 13. h4 f6 14. Nxd5 fxe5 15. fxe5 Qa5 16. Ne7+ Kh8 17. h5 Nxe5 18. b4 Nd3+ 19. Bxd3 Qg5+ 20. Kb1 Qxe7 21. Qe4 1-0

[Event "NATO, Gausdal"]
[Site "Gausdal"]
[Date "1995.??.??"]
[Round "3"]
[White "Brameld, Arthur F"]
[Black "Wantiez, Fabrice"]
[Result "1-0"]
[WhiteElo "2205"]
[BlackElo "2175"]
[PlyCount "81"]
[EventDate "1995.??.??"]
[EventType "swiss"]
[EventRounds "7"]
[EventCountry "NOR"]

1. e4 e5 2. f4 exf4 3. Nf3 d5 4. exd5 Nf6 5. Bc4 Nxd5 6. O-O Be7 7. Bb3 O-O 8. c4 Nb6 9. d4 Nc6 10. Bxf4 Bg4 11. d5 Bc5+ 12. Kh1 Nd4 13. Nbd2 Re8 14. Re1 Qf6 15. Bg3 Rxe1+ 16. Bxe1 Re8 17. Bh4 Qh6 18. Bg3 Re2 19. Nxd4 Bxd4 20. Nf3 Bxf3 21. gxf3 Qe3 22. Qf1 Bxb2 23. Bf4 Qe7 24. Rd1 Bd4 25. Bxc7 Rf2 26. Qe1 Re2 27. Qg3 Bf2 28. d6 Qe8 29. Qg4 Re1+ 30. Kg2 h5 31. d7 Nxd7 32. Qxd7 Rg1+ 33. Kxf2 Rg2+ 34. Kxg2 Qe2+ 35. Kh3 Qxf3+ 36. Bg3 f5 37. Qe8+ Kh7 38. Qe1 h4 39. Qf2 Qg4+ 40. Kg2 h3+ 41. Kg1 1-0

[Event "NATO, Gausdal"]
[Site "Gausdal"]
[Date "1995.??.??"]
[Round "4"]
[White "Jonkman, H."]
[Black "Brameld, Arthur F"]
[Result "1-0"]
[WhiteElo "2345"]
[BlackElo "2205"]
[PlyCount "57"]
[EventDate "1995.??.??"]
[EventType "swiss"]
[EventRounds "7"]
[EventCountry "NOR"]

1. e4 Nf6 2. e5 Nd5 3. c4 Nb6 4. c5 Nd5 5. Nc3 Nxc3 6. dxc3 e6 7. Bd3 d6 8. cxd6 cxd6 9. Bf4 dxe5 10. Bxe5 Nc6 11. Bg3 Be7 12. Nf3 Bf6 13. Qc2 h6 14. O-O-O Qa5 15. Kb1 Bd7 16. Rhe1 Rc8 17. Qe2 O-O 18. Qe4 g6 19. Qe3 Ne7 20. Qxh6 Rxc3 21. Be5 Nf5 22. Bxf5 Rxf3 23. Bxg6 fxg6 24. Qxg6+ Kh8 25. Qh5+ Kg8 26. gxf3 Rf7 27. Rg1+ Rg7 28. Rxg7+ Bxg7 29. Rg1 1-0

[Event "NATO, Gausdal"]
[Site "Gausdal"]
[Date "1995.??.??"]
[Round "5"]
[White "Brameld, Arthur F"]
[Black "Valaker, O."]
[Result "1/2-1/2"]
[WhiteElo "2205"]
[BlackElo "2095"]
[PlyCount "109"]
[EventDate "1995.??.??"]
[EventType "swiss"]
[EventRounds "7"]
[EventCountry "NOR"]

1. e4 d5 2. exd5 Qxd5 3. Nc3 Qa5 4. d4 Nf6 5. Nf3 Nc6 6. Bb5 Ne4 7. O-O Nxc3 8. Bxc6+ bxc6 9. Qd2 Bg4 10. Qxc3 Qxc3 11. bxc3 Bxf3 12. gxf3 e6 13. Rb1 Kd7 14. Rb7 Bd6 15. Be3 Rhb8 16. Rfb1 Rxb7 17. Rxb7 Kc8 18. Rb3 Rb8 19. c4 Be7 20. Kf1 Rb4 21. Rxb4 Bxb4 22. Ke2 Kb7 23. Kd3 Ka6 24. Ke4 Bd6 25. h3 f5+ 26. Kd3 Ka5 27. c5 Be7 28. Bf4 Bd8 29. Kc4 Ka4 30. Bc1 Bh4 31. Bf4 Bd8 32. Bc1 Bh4 33. Bf4 Bxf2 34. Bxc7 Ka3 35. Kd3 Kb4 36. c3+ Kb5 37. c4+ Ka6 38. Bf4 Kb7 39. Be5 g6 40. Ke2 Bh4 41. Kd3 Be7 42. Ke3 g5 43. Kd3 h5 44. Ke3 Kc8 45. Kd3 Kd7 46. Bb8 a6 47. Be5 Bd8 48. Bg7 Be7 49. Bh6 g4 50. fxg4 fxg4 51. hxg4 hxg4 52. Ke4 g3 53. Kf3 e5 54. Kxg3 exd4 55. Kf3 1/2-1/2

[Event "NATO, Gausdal"]
[Site "Gausdal"]
[Date "1995.??.??"]
[Round "6"]
[White "Brameld, Arthur F"]
[Black "Minciotti, F."]
[Result "0-1"]
[WhiteElo "2205"]
[BlackElo "2270"]
[PlyCount "96"]
[EventDate "1995.??.??"]
[EventType "swiss"]
[EventRounds "7"]
[EventCountry "NOR"]

1. e4 d6 2. d4 g6 3. Nc3 c6 4. Bc4 Nf6 5. e5 dxe5 6. dxe5 Qxd1+ 7. Nxd1 Nd5 8. Ne3 Nc7 9. f4 Be6 10. Ne2 Nd7 11. Nd4 Bxc4 12. Nxc4 c5 13. Ne2 g5 14. fxg5 b5 15. Ne3 Nxe5 16. Nf5 Nd5 17. Bd2 Nc4 18. O-O-O e6 19. Nc3 O-O-O 20. Nxd5 Rxd5 21. Bc3 Rxd1+ 22. Rxd1 Rg8 23. b3 Rxg5 24. bxc4 Rxf5 25. cxb5 Rf2 26. Rg1 Bd6 27. Be1 Re2 28. Kd1 Re4 29. Rf1 f5 30. Rf3 Rd4+ 31. Kc1 Bxh2 32. g3 f4 33. g4 Bg1 34. Rh3 Be3+ 35. Kb2 Rd7 36. Rh6 Re7 37. Bh4 Rg7 38. Rxe6 Rxg4 39. Be1 Bd4+ 40. c3 Rg2+ 41. Kb3 Be3 42. a4 Rh2 43. Kc4 Rh1 44. Re8+ Kd7 45. Ra8 Rxe1 46. Rxa7+ Kd6 47. a5 f3 48. Rf7 f2 0-1

[Event "NATO, Gausdal"]
[Site "Gausdal"]
[Date "1995.??.??"]
[Round "7"]
[White "Zill, Christian"]
[Black "Brameld, Arthur F"]
[Result "1-0"]
[WhiteElo "2050"]
[BlackElo "2205"]
[PlyCount "61"]
[EventDate "1995.??.??"]
[EventType "swiss"]
[EventRounds "7"]
[EventCountry "NOR"]

1. e4 Nf6 2. e5 Nd5 3. d4 d6 4. c4 Nb6 5. f4 Bf5 6. Nc3 e6 7. Be3 dxe5 8. fxe5 Bb4 9. Nf3 c5 10. Be2 Nc6 11. O-O cxd4 12. Nxd4 Nxd4 13. Bxd4 Bc2 14. Qd2 Rc8 15. Kh1 O-O 16. b3 Bc5 17. Be3 Qxd2 18. Bxd2 Bd4 19. Rac1 Bg6 20. Bf4 Bxc3 21. Rxc3 Nd5 22. Rcc1 Nxf4 23. Rxf4 Rfd8 24. Bf3 Rc7 25. c5 Rd2 26. Ra4 b5 27. Ra6 Kf8 28. b4 Bc2 29. Rd6 Bd3 30. Be4 Rc2 31. Rxc2 1-0

[Event "Ports Lge"]
[Site "?"]
[Date "1995.??.??"]
[Round "?"]
[White "Morris, Charles F"]
[Black "Brameld, Arthur F"]
[Result "1/2-1/2"]
[WhiteElo "2225"]
[BlackElo "2195"]
[PlyCount "146"]
[EventDate "1995.??.??"]
[EventType "simul"]
[EventRounds "9"]

1. Nf3 d6 2. d4 Bg4 3. Nbd2 Nd7 4. e4 e5 5. c3 f5 6. exf5 exd4 7. Qe2+ Qe7 8. Qxe7+ Nxe7 9. Nxd4 Nxf5 10. Ne6 Kf7 11. Nxc7 Rc8 12. h3 Bh5 13. Bc4+ d5 14. Bxd5+ Kg6 15. g4 Rxc7 16. Be4 Nc5 17. Bxf5+ Kf6 18. b4 Re7+ 19. Kd1 Na4 20. Nf3 Nxc3+ 21. Kc2 Rc7 22. Bf4 Nd5+ 23. Bxc7 Nxc7 24. a3 Bf7 25. Rad1 Bd5 26. Rxd5 Nxd5 27. Rd1 Nf4 28. Bd7 g5 29. h4 h6 30. h5 Rh7 31. Kb3 b6 32. Ne1 Re7 33. Nc2 Re2 34. f3 Rf2 {Sealed Move.} 35. Bc6 a5 36. Be4 axb4 37. axb4 Re2 38. Rd7 Ne6 39. Kc4 Be7 40. Rb7 Bd6 41. Rxb6 Rd2 42. Kc3 Rd1 43. Ne3 Be5+ 44. Kc2 Rd6 45. Nd5+ Kf7 46. Bg6+ Kf8 47. Rxd6 Bxd6 48. Kc3 Nf4 49. Ne3 Be5+ 50. Kc4 Nxg6 51. hxg6 Kg7 52. Kd5 Bf4 53. Nc4 Kxg6 54. Ke6 h5 55. gxh5+ Kxh5 56. Kf5 Kh4 57. Ke4 Bb8 58. Ne3 Kg3 59. b5 Ba7 60. Ng4 Kg2 61. Ne5 Kg3 62. Nc6 {Sealed Move.} Bb6 63. Ne5 Ba7 64. Ng4 Bb6 65. Ne3 Bc5 66. Nc4 g4 67. f4 Kf2 68. Ne5 g3 69. f5 g2 70. Nf3 Bd4 71. Kf4 Be3+ 72. Kg4 Bd4 73. Kf4 Be3+ 1/2-1/2

[Event "Soton Lge"]
[Site "?"]
[Date "1995.??.??"]
[Round "?"]
[White "Godber, E."]
[Black "Brameld, Arthur F"]
[Result "0-1"]
[WhiteElo "1920"]
[BlackElo "2180"]
[PlyCount "64"]
[EventDate "1995.??.??"]
[EventType "simul"]
[EventRounds "2"]

1. Nf3 c5 2. g3 Nc6 3. Bg2 g6 4. O-O Bg7 5. d3 d5 6. Nc3 Nf6 7. e4 d4 8. Ne2 O-O 9. h3 e5 10. Nd2 Be6 11. b3 Qd7 12. Kh2 Nh5 13. Nf3 f5 14. exf5 gxf5 15. Ng5 Bd5 16. Bxd5+ Qxd5 17. Nc3 dxc3 18. Qxh5 h6 19. Nf3 Rf6 20. Ne1 Raf8 21. f4 Re6 22. Ng2 e4 23. Rd1 exd3 24. Rxd3 Qxd3 25. cxd3 c2 26. g4 Bxa1 27. gxf5 Rd6 28. Ne3 Nb4 29. Ng4 Nxd3 30. f6 Rfxf6 31. Nxf6+ Bxf6 32. Qxc5 Nxc5 0-1

[Event "Soton Lge"]
[Site "?"]
[Date "1995.??.??"]
[Round "?"]
[White "Brameld, Arthur F"]
[Black "Carpenter, Anthony"]
[Result "0-1"]
[WhiteElo "2190"]
[BlackElo "1815"]
[PlyCount "62"]
[EventDate "1995.??.??"]
[EventType "simul"]
[EventRounds "2"]

1. e4 e6 2. d4 d5 3. Nc3 Bb4 4. Qd3 dxe4 5. Qxe4 Nf6 6. Qh4 O-O 7. Bg5 $6 { 7.Bd3} Nbd7 8. Bd3 h6 9. Bxh6 $2 gxh6 10. Qxh6 Re8 11. Qg5+ Kf8 12. Qh6+ Ke7 13. O-O-O Rh8 14. Qe3 Nb6 15. Nf3 Bxc3 16. bxc3 Nbd5 17. Qe5 Qd6 18. c4 Nc3 19. Rde1 Bd7 20. c5 Qxe5 21. Nxe5 Rag8 22. Kb2 Ncd5 23. g3 Ng4 24. Nxg4 Rxg4 25. f4 Bc6 26. Be2 Rg7 27. c4 Nxf4 28. d5 Nxd5 29. cxd5 Bxd5 30. Rhg1 Rxh2 31. a3 Bf3 0-1

[Event "4NCL Slough v Newcastle"]
[Site "?"]
[Date "1995.??.??"]
[Round "?"]
[White "Brameld, Arthur F"]
[Black "Clissold, Ben"]
[Result "1-0"]
[WhiteElo "2190"]
[BlackElo "2005"]
[PlyCount "47"]
[EventDate "1995.??.??"]
[EventType "game"]

1. e4 e6 2. d4 d5 3. Nc3 Nf6 4. e5 Nfd7 5. f4 c5 6. Nf3 Nc6 7. Be3 a6 8. Qd2 b6 9. Be2 Be7 10. O-O-O g6 11. g4 Qc7 12. Rhf1 Bb7 13. f5 cxd4 14. Nxd4 Nc5 15. fxe6 fxe6 16. Nxe6 Nxe6 17. Nxd5 Qxe5 18. Nf6+ Bxf6 19. Qd7+ Kf8 20. Rxf6+ Qxf6 21. Rf1 Qxf1+ 22. Bxf1 Ncd8 23. Bh6+ Kg8 24. Qe8+ 1-0

[Event "4NCL Slough v S Wales Dragons"]
[Site "?"]
[Date "1995.??.??"]
[Round "?"]
[White "Saunders, John C"]
[Black "Brameld, Arthur F"]
[Result "1/2-1/2"]
[WhiteElo "2145"]
[BlackElo "2190"]
[PlyCount "46"]
[EventDate "1995.??.??"]
[EventType "game"]

1. c4 e5 2. Nc3 Nc6 3. Nf3 g6 4. d4 exd4 5. Nxd4 Bg7 6. Nxc6 bxc6 7. g3 Rb8 8. Qa4 a6 9. Bg2 Qe7 10. Qc2 Nh6 11. O-O Nf5 12. e3 h5 13. h3 O-O 14. b3 Re8 15. Bb2 Qe5 16. Nd1 Qc5 17. Bxg7 Kxg7 18. Nc3 Bb7 19. Ne4 Qe5 20. Rad1 c5 21. Nc3 Bxg2 22. Kxg2 d6 23. Rfe1 c6 1/2-1/2

[Event "Ports Lge"]
[Site "?"]
[Date "1995.??.??"]
[Round "?"]
[White "Carter, Anthony FC"]
[Black "Brameld, Arthur F"]
[Result "1/2-1/2"]
[WhiteElo "2105"]
[BlackElo "2185"]
[PlyCount "61"]
[EventDate "1995.??.??"]
[EventType "simul"]
[EventRounds "9"]

1. e4 Nf6 2. d3 e5 3. Nf3 Nc6 4. g3 d5 5. Nbd2 dxe4 6. dxe4 Bg4 7. Bg2 Bc5 8. O-O O-O 9. h3 Bh5 10. Qe2 Qe7 11. c3 Bb6 12. Nc4 Rfd8 13. a4 Bc5 14. b4 Bxb4 15. cxb4 Nd4 16. Qe3 Nc2 17. Qc3 Nxa1 18. Nfxe5 Rd1 19. g4 Rxf1+ 20. Bxf1 Nxe4 21. Qxa1 Bg6 22. Nxg6 hxg6 23. Qe5 Re8 24. Qxe7 Rxe7 25. Be3 b6 26. Na3 Nc3 27. a5 Re4 28. Bd2 Nd5 29. a6 Rd4 30. Be3 Rxb4 31. Nb5 1/2-1/2

[Event "Ports Lge"]
[Site "?"]
[Date "1996.??.??"]
[Round "?"]
[White "Brameld, Arthur F"]
[Black "Judd, Ian"]
[Result "1-0"]
[WhiteElo "2185"]
[BlackElo "1915"]
[PlyCount "83"]
[EventDate "1996.??.??"]
[EventType "simul"]
[EventRounds "7"]

1. e4 Nc6 2. d4 d5 3. Nc3 e5 4. Nxd5 Nxd4 5. c3 Ne6 6. Nf3 Bd6 7. g3 Nf6 8. Bg2 Nc5 9. O-O O-O 10. Nxf6+ Qxf6 11. Nh4 g5 12. Nf5 Bxf5 13. exf5 Qxf5 14. Qh5 Qg6 15. Qxg5 Qxg5 16. Bxg5 Kg7 17. f4 e4 18. f5 f6 19. Be3 Rfe8 20. b4 Na4 21. Rac1 Rad8 22. a3 Be5 23. c4 Bb2 24. Rc2 Rd3 25. Bf4 Bd4+ 26. Kh1 c6 27. Re1 e3 28. b5 Bc3 29. Bf1 Bxe1 30. Bxd3 cxb5 31. cxb5 Nc3 {Sealed Move.} 32. Kg2 Nd5 33. Kf3 Bd2 34. Bd6 b6 35. Rc6 h5 36. h3 Kh8 37. g4 h4 38. Bh2 e2 39. Bxe2 Re3+ 40. Kf2 Rxh3 41. Bd6 Nc3 42. Bf3 {Black lost on time.} 1-0

[Event "Ports Lge"]
[Site "?"]
[Date "1996.??.??"]
[Round "?"]
[White "Brameld, Arthur F"]
[Black "Pickett, J."]
[Result "1-0"]
[WhiteElo "2185"]
[BlackElo "1920"]
[PlyCount "61"]
[EventDate "1996.??.??"]
[EventType "simul"]
[EventRounds "7"]

1. e4 c5 2. Nf3 d6 3. d4 cxd4 4. Qxd4 Nc6 5. Bb5 Bd7 6. Bxc6 Bxc6 7. Nc3 e6 8. Bg5 Nf6 9. O-O-O Be7 10. Rhe1 Qa5 11. e5 Bxf3 12. gxf3 dxe5 13. Rxe5 Qc7 14. Bf4 Qc6 15. Rg1 Rc8 16. Re2 Qxf3 17. Rd2 Qc6 18. Rxg7 Rd8 19. Qe5 Nd7 20. Qh5 Rf8 21. Qxh7 Bf6 22. Rg3 Rh8 23. Rg8+ Rxg8 24. Qxg8+ Nf8 25. Bh6 Qh1+ 26. Nd1 Bxb2+ 27. Kxb2 Rxd2 28. Qxf8+ Kd7 29. Qxf7+ Kc6 30. Bxd2 Qxd1 31. Qxe6+ 1-0